000 00579nam a2200193 a 4500
001 000010273
005 20240412074216.0
008 091006s1980 dr r 000 p spa d
040 _aDO-SdBNP
_bspa
_cBNPHU
082 _aRD861.44
_bJ61aq
100 1 _aJiménez, Blas
_925203
245 1 0 _aAquí .... otro español /
_cBlas Jiménez.
260 _aSanto Domingo :
_bIncoco,
_c1980.
300 _a99 p. ;
_c21 cm.
590 _aInventariado, 2018/BT
650 0 _aPoesía dominicana
_966
650 0 _aLiteratura dominicana.
_967
910 _aValidado. Control de calidad. MMOLINA
999 _c10032
_d10032